Loading...
| Philosophy | 0 | 4 | 1 | 1 | 35 | 104 | 119.00 | 0 | 4 | 5.19 | 25.00 |
| History - European | 0 | 3 | 0 | 2 | 30 | 80 | 105.00 | 1 | 3 | 5.32 | 17.50 |
| History - World | 0 | 2 | 0 | 0 | 20 | 83 | 104.50 | 1 | 2 | 3.88 | 15.91 |
| Religion | 0 | 2 | 0 | 0 | 20 | 129 | 135.00 | 0 | 2 | 0.61 | 8.33 |
| Social Science | 0 | 3 | 2 | 1 | 20 | 98 | 107.33 | 0 | 3 | 4.82 | 19.44 |
| Fine Arts - Other | 0 | 1 | 0 | 0 | 10 | 138 | 138.00 | 0 | 0 | 0.07 | 2.50 |
| History - American | 0 | 1 | 0 | 0 | 10 | 103 | 103.00 | 0 | 1 | 1.95 | 5.00 |
| History - Other | 0 | 1 | 0 | 0 | 10 | 90 | 90.00 | 0 | 1 | 3.76 | 8.33 |
| Literature - British | 0 | 1 | 0 | 0 | 10 | 113 | 113.00 | 0 | 1 | 1.75 | 7.50 |
| Religion- Edited | 0 | 1 | 0 | 0 | 10 | 111 | 111.00 | 1 | 1 | 18.98 | 100.00 |
| Social Science- Edited | 0 | 1 | 0 | 1 | 10 | 116 | 116.00 | 0 | 0 | 0.85 | 25.00 |
| Mythology | 0 | 1 | 1 | 0 | 5 | 140 | 140.00 | 0 | 1 | 0.08 | 5.56 |
| Literature - European | 0 | 0 | 0 | 0 | 0 | 0.00 | 0 | 0 | 0.00 | 0.00 | |
| Science - Chemistry | 0 | 0 | 0 | 0 | 0 | 0.00 | 0 | 0 | 0.00 | 0.00 | |
| Literature - World | 0 | 1 | 2 | 0 | 0 | 115 | 115.00 | 0 | 0 | 1.29 | 2.50 |
| Fine Arts - Visual | 0 | 0 | 1 | 0 | -5 | 0.00 | 0 | 0 | 0.00 | 0.00 | |
| Science - Biology | 0 | 0 | 1 | 0 | -5 | 0.00 | 0 | 0 | 0.00 | 0.00 |